Financial management :principles and application / (Record no. 2656)

000 -LEADER
fixed length control field 01053cam a2200325 a 4500
001 - CONTROL NUMBER
control field 17001415
003 - CONTROL NUMBER IDENTIFIER
control field OSt
005 - DATE AND TIME OF LATEST TRANSACTION
control field 20160810123029.0
008 - FIXED-LENGTH DATA ELEMENTS--GENERAL INFORMATION
fixed length control field 111017s2013 maua 001 0 eng
010 ## - LIBRARY OF CONGRESS CONTROL NUMBER
LC control number 2011043153
020 ## - INTERNATIONAL STANDARD BOOK NUMBER
International Standard Book Number 9780132671033 (pbk.)
040 ## - CATALOGING SOURCE
Original cataloging agency DLC
Transcribing agency DLC
Modifying agency DLC
042 ## - AUTHENTICATION CODE
Authentication code pcc
050 00 - LIBRARY OF CONGRESS CALL NUMBER
Classification number HG4026.B686 2012
082 00 - DEWEY DECIMAL CLASSIFICATION NUMBER
Classification number 658.15
Edition number 23
100 1# - MAIN ENTRY--PERSONAL NAME
Personal name Petty, William J.,
Dates associated with a name 1950-
245 10 - TITLE STATEMENT
Title Financial management :principles and application /
Statement of responsibility, etc J William Petty...[et. al]
250 ## - EDITION STATEMENT
Edition statement 6th ed.
260 ## - PUBLICATION, DISTRIBUTION, ETC. (IMPRINT)
Place of publication, distribution, etc Australia:
Name of publisher, distributor, etc Pearson Educators,
Date of publication, distribution, etc c2012.
300 ## - PHYSICAL DESCRIPTION
Extent xvi, various pages. :
Other physical details col. ill. ;
Dimensions 28 cm.
490 0# - SERIES STATEMENT
Series statement The Prentice Hall series in finance
504 ## - BIBLIOGRAPHY, ETC. NOTE
Bibliography, etc Includes index.
650 #0 - SUBJECT ADDED ENTRY--TOPICAL TERM
Topical term or geographic name as entry element Business enterprises
General subdivision Finance.
650 #0 - SUBJECT ADDED ENTRY--TOPICAL TERM
Topical term or geographic name as entry element Corporations
General subdivision Finance.
700 ## - ADDED ENTRY--PERSONAL NAME
Personal name Titman, Sheridan
700 ## - ADDED ENTRY--PERSONAL NAME
Personal name Keown, Arthur J.
906 ## - LOCAL DATA ELEMENT F, LDF (RLIN)
a 7
b cbc
c orignew
d 1
e ecip
f 20
g y-gencatlg
942 ## - ADDED ENTRY ELEMENTS (KOHA)
Source of classification or shelving scheme
Koha item type Book
Holdings
Withdrawn status Lost status Source of classification or shelving scheme Damaged status Not for loan Home library Current library Shelving location Date acquired Total Checkouts Full call number Barcode Date last seen Date checked out Copy number Price effective from Koha item type
          Riara University Library Riara University Library General stack 10/08/2016 1 HG4026.B686 2012 7753/16 16/06/2017 06/06/2017 C.1 10/08/2016 Book

Riara University Library,
P.O. Box 49940-00100,
Nairobi, Kenya.